[Event "Vaujany Principal"]
[Site "Vaujany"]
[Date "2012.07.13"]
[Round "2.18"]
[White "Ruecker, Benjamin"]
[Black "Frick, Christoph"]
[Result "0-1"]
[WhiteElo "2260"]
[BlackElo "2258"]
[Annotator "Jean-pierre,LEES"]
[PlyCount "120"]
[SourceDate "2012.07.12"]
[TimeControl "240+2"]

{1024MB, Fritz8.ctg
} 1. d4 d5 2. c4 c6 3. Nf3 Nf6 4. Qb3 dxc4 5. Qxc4 Bg4 6.
Nc3 Nbd7 7. e4 Bxf3 8. gxf3 e5 9. dxe5 (9. Be3 $142) 9... Nxe5 10. Qe2 Bb4 11.
Bd2 Qa5 12. f4 Ng6 13. f5 Ne5 14. f4 Ned7 15. O-O-O Bxc3 16. Bxc3 Qxa2 17. e5
Nd5 18. Rxd5 Qxd5 19. Bg2 Qa2 20. e6 Nf6 21. Rd1 O-O 22. e7 Rfe8 23. Qe5 Rac8
24. Rd3 Nh5 25. Bf3 f6 26. Qe4 Qf7 27. Rd7 b5 28. Rxa7 Kh8 29. Kb1 c5 30. Bd2
g6 31. Qe2 Ng7 32. fxg6 hxg6 33. Bg4 f5 34. Bf3 b4 35. Qf2 Nh5 36. Bxh5 gxh5
37. Qh4 Rc6 38. Rd7 Re6 39. b3 R6xe7 40. Rd3 Re2 41. Qg5 Rxd2 42. Qh6+ Qh7 43.
Qxh7+ Kxh7 44. Rxd2 Re1+ 45. Kc2 Rf1 46. Rd5 Rxf4 47. Rxc5 Kg6 48. Kd3 Kg5 49.
Rc2 Rh4 50. Rg2+ Rg4 51. Rf2 h4 52. Ke3 Rg1 53. Kf3 h3 54. Rd2 Rc1 55. Rd3 Rc3
56. Ke2 Rxd3 57. Kxd3 Kf4 58. Ke2 Ke4 59. Kf2 Kd4 60. Kg3 Ke3 0-1

[Event "Vaujany Principal"]
[Site "Vaujany"]
[Date "2012.07.13"]
[Round "2.19"]
[White "Gelas, Christophe"]
[Black "Haver, Daan"]
[Result "1-0"]
[WhiteElo "2143"]
[BlackElo "1961"]
[Annotator "Jean-pierre,LEES"]
[PlyCount "93"]
[SourceDate "2012.07.12"]
[TimeControl "240+2"]

{1024MB, Fritz8.ctg
} 1. d4 d5 2. c4 e6 3. Nc3 c5 4. cxd5 exd5 5. Nf3 Nc6 6. g3
Nf6 7. Bg2 Be7 8. O-O O-O 9. Bg5 c4 (9... cxd4 10. Nxd4 h6 11. Be3 Re8) 10. Ne5
Be6 11. e3 (11. Nxc6 bxc6 12. b3 Qa5 13. Na4 Rfd8 14. e3 c5) 11... h6 12. Bxf6
Bxf6 13. f4 Ne7 14. Qf3 b5 15. g4 Bxe5 16. dxe5 b4 17. Nb5 Qd7 18. Nd4 Bxg4 19.
Qg3 Bf5 20. Rad1 Rad8 21. Rf2 Kh8 22. Bf3 Rg8 23. h4 a6 24. Kh2 c3 25. bxc3
bxc3 26. Rg2 Be4 27. Bxe4 dxe4 28. Rc1 Rc8 29. h5 Rc7 30. Rgc2 Nf5 31. Nxf5
Qxf5 32. Qh3 Qxh3+ 33. Kxh3 Rd8 34. Rxc3 Rxc3 35. Rxc3 Rd3 36. Rb3 Rd2 37. Ra3
Rd3 38. Rxa6 Rxe3+ 39. Kg4 Re1 40. f5 e3 41. e6 e2 42. exf7 Rg1+ 43. Kf3 e1=Q
44. Ra8+ Kh7 45. f8=N+ Kg8 46. Ng6+ Kf7 47. Rf8# 1-0

[Event "Vaujany Principal"]
[Site "Vaujany"]
[Date "2012.07.13"]
[Round "2.20"]
[White "Riff, Jean-Noel"]
[Black "Laehmwitz, Alexander"]
[Result "1-0"]
[WhiteElo "2500"]
[BlackElo "2031"]
[PlyCount "65"]
[EventDate "2012.07.07"]
[SourceDate "2012.07.12"]

1. Nf3 d5 2. g3 Nf6 3. Bg2 e6 4. c4 Be7 5. O-O O-O 6. d4 c6 7. Qc2 Nbd7 8. Nc3
Re8 9. Rd1 Qc7 10. e4 dxe4 11. Ng5 e5 12. d5 cxd5 13. cxd5 Nb6 14. Qb3 Bd6 15.
Nb5 Qd8 16. Be3 Ng4 17. Nxd6 Qxd6 18. Nxe4 Qg6 19. Bc5 Bf5 20. Nd6 Bc2 21. Qb4
Bxd1 22. Nxe8 Rxe8 23. Rxd1 e4 24. d6 e3 25. Bxe3 Nxe3 26. fxe3 Qe6 27. Qf4 Nc4
28. d7 Rd8 29. Bd5 Qxe3+ 30. Qxe3 Nxe3 31. Re1 Rxd7 32. Rxe3 Kf8 33. Bc4 1-0

[Event "Vaujany Principal"]
[Site "Villaz"]
[Date "2012.07.13"]
[Round "2.21"]
[White "N'Guyen, Emilien"]
[Black "Stets, Dmitry"]
[Result "1/2-1/2"]
[WhiteElo "2027"]
[BlackElo "2426"]
[Annotator "Jean-pierre,LEES"]
[PlyCount "64"]
[SourceDate "2012.07.12"]
[TimeControl "240+2"]

{1024MB, Fritz8.ctg
} 1. d4 Nf6 2. c4 g6 3. Nc3 Bg7 4. e4 O-O 5. Nf3 d6 6. Be2
e5 7. d5 a5 8. Bg5 h6 9. Bh4 Na6 10. Nd2 Qe8 11. O-O Nh7 12. a3 Bd7 13. b4 (13.
b3) 13... h5 14. f3 axb4 15. axb4 Nxb4 16. Qb3 Bh6 17. Qxb4 Bxd2 18. c5 Be3+
19. Bf2 Bxf2+ 20. Kxf2 Rxa1 21. Rxa1 Qb8 22. cxd6 cxd6 23. Rb1 b5 24. Bxb5 Qb6+
25. Kf1 Rc8 26. Bxd7 Qxb4 27. Rxb4 Rxc3 28. Rb6 Rc1+ 29. Ke2 Rc2+ 30. Kf1 Rc1+
31. Kf2 Rc2+ 32. Kf1 Rc1+ 1/2-1/2

[Event "Vaujany Principal"]
[Site "Vaujany"]
[Date "2012.07.13"]
[Round "2.22"]
[White "Valles, Manuel"]
[Black "Haver, Bas"]
[Result "1-0"]
[WhiteElo "2248"]
[BlackElo "2021"]
[Annotator "Jean-pierre,LEES"]
[PlyCount "79"]
[SourceDate "2012.07.12"]
[TimeControl "240+2"]

{1024MB, Fritz8.ctg
} 1. d4 Nf6 2. c4 c5 3. d5 e6 4. Nc3 exd5 5. cxd5 d6 6. Nf3
g6 7. Bf4 a6 8. a4 Bg7 9. h3 O-O 10. e3 Qe7 (10... Nh5 11. Bh2 (11. Bg5 f6 (
11... Qb6 12. Ra2 f5 13. Nd2 Qc7 14. Be2 Nf6 15. Nc4 Nbd7 16. Qb3 b6 17. g4
fxg4 18. hxg4) 12. Bh4 g5 13. Nd2 Qe8 14. Be2 gxh4 15. Bxh5) 11... f5 12. Be2
f4 13. exf4 Nxf4 14. O-O Nd7 15. Qd2 g5 16. Ne4 h6 17. Nxd6 Ne5 18. Bxf4 Rxf4
19. Nxc8 Nxf3+ 20. Bxf3 Rxc8) 11. Be2 Nbd7 12. O-O h6 13. Nd2 Ne5 14. Bg3 Nh7
15. f4 Nd7 16. e4 f5 (16... Re8) 17. exf5 gxf5 18. Nc4 Rb8 19. Kh1 Ndf6 20. Bd3
b5 21. axb5 axb5 22. Na5 Bd7 23. Re1 Qf7 24. Nc6 Bxc6 25. dxc6 Nh5 26. Bh2 c4
27. Be2 N5f6 28. Qxd6 b4 29. Qc5 Kh8 30. Bxc4 Qg6 31. c7 Rbc8 32. Nb5 Ne4 33.
Rxe4 fxe4 34. Nd6 Bxb2 35. Rb1 Qg7 36. Nxc8 Bd4 37. Qe7 Rxc8 38. Qxg7+ Kxg7 39.
f5 Bb6 40. Rxb4 {Si 41 Fxc7 alors 42 Tb7; Si 41...Txc7 42 Fxc7 Fxc7 43 Tb7} 1-0

[Event "Vaujany Principal"]
[Site "Vaujany"]
[Date "2012.07.13"]
[Round "2.23"]
[White "Michel, Stephan"]
[Black "Adam, Gyorgy Jr"]
[Result "0-1"]
[WhiteElo "1909"]
[BlackElo "2150"]
[Annotator "Jean-pierre,LEES"]
[PlyCount "54"]
[SourceDate "2012.07.12"]
[TimeControl "240+2"]

{1024MB, Fritz8.ctg
} 1. e4 c5 2. c3 e6 3. d4 cxd4 (3... d5 4. e5 Nc6 5. Nf3)
4. cxd4 Nf6 (4... d5 5. e5 Nc6 6. Nf3 Qb6 7. Nc3 Bd7 8. Be2 Nge7 9. O-O Nf5 10.
Na4 Qa5 11. Bd2 Bb4 12. Bxb4 Qxb4 13. a3 Qe7 14. Rc1 O-O) 5. e5 Nd5 6. Nf3 Nc6
7. Bc4 Nb6 8. Bb3 d5 9. exd6 Bxd6 10. a3 O-O 11. O-O h6 (11... e5 12. dxe5 Nxe5
13. Bf4 Nxf3+ 14. Qxf3 Bxf4 15. Qxf4 $11) 12. Re1 Nd5 13. Nc3 Nce7 14. Ne5 b6
15. Ne4 Bb7 16. Nxd6 Qxd6 17. Bxh6 $6 gxh6 18. Qg4+ Kh7 19. Bc2+ f5 20. Qh5 Nf4
21. Nf7 Nxh5 22. Nxd6 Bd5 23. Re5 Rad8 24. Nxf5 Nxf5 25. g4 Rg8 26. h3 Nf4 27.
Kh2 Ng6 0-1

[Event "Vaujany Principal"]
[Site "Vaujany"]
[Date "2012.07.13"]
[Round "2.25"]
[White "Van Foreest, Lucas"]
[Black "Chauvet, Vincent"]
[Result "0-1"]
[WhiteElo "1969"]
[BlackElo "2118"]
[PlyCount "44"]
[EventDate "2012.07.07"]
[SourceDate "2012.07.12"]

1. d4 d5 2. c4 c6 3. Nc3 Nf6 4. Bg5 e6 5. Nf3 h6 6. Bh4 dxc4 7. e4 g5 8. Nxg5
hxg5 9. Bxg5 Be7 10. e5 Nd5 11. Bxe7 Qxe7 12. Ne4 Qb4+ 13. Qd2 Qxd2+ 14. Kxd2
b5 15. h4 Nd7 16. g4 f6 17. exf6 N7xf6 18. Nxf6+ Nxf6 19. Bg2 Bb7 20. Bh3 O-O-O
21. Ke2 (21. g5) 21... Rxd4 22. Rad1 c5 0-1

[Event "Vaujany Principal"]
[Site "Vaujany"]
[Date "2012.07.13"]
[Round "2.26"]
[White "Mahiouz, Oualid"]
[Black "Gombos, Bettina"]
[Result "1/2-1/2"]
[WhiteElo "2036"]
[BlackElo "1966"]
[Annotator "Jean-pierre,LEES"]
[PlyCount "57"]
[SourceDate "2012.07.12"]
[TimeControl "240+2"]

{1024MB, Fritz8.ctg
} 1. e4 c5 2. Nf3 e6 3. d4 cxd4 4. Nxd4 Nf6 5. Bd3 Nc6 6.
Nxc6 dxc6 7. O-O e5 8. Qf3 Bd6 9. Nd2 Qe7 10. Nc4 Bc7 11. b3 b5 12. Ba3 b4 13.
Bb2 O-O 14. a3 c5 15. axb4 cxb4 16. Qe3 a5 17. Qg5 Re8 18. Ne3 h6 19. Qh4 Nd5
20. Nxd5 Qxh4 21. Nxc7 Bb7 22. Nxe8 Rxe8 23. Rfe1 Qd8 24. Re3 Qb6 25. Bc4 Ba6
26. Bd5 Bb7 27. Bc4 Ba6 28. Bd5 Bb7 29. Bc4 1/2-1/2

[Event "Vaujany Principal"]
[Site "Vaujany"]
[Date "2012.07.13"]
[Round "2.27"]
[White "Hourlier, Claire"]
[Black "Adam, Gyorgy Sr"]
[Result "1-0"]
[WhiteElo "1964"]
[BlackElo "2066"]
[Annotator "Jean-pierre,LEES"]
[PlyCount "61"]
[SourceDate "2012.07.12"]
[TimeControl "240+2"]

{1024MB, Fritz8.ctg
} 1. e4 c5 2. Nc3 Nc6 3. Bb5 g6 4. Bxc6 dxc6 5. d3 Bg7 6.
f4 c4 7. Nf3 cxd3 8. cxd3 Nf6 9. O-O Qb6+ 10. Kh1 Be6 11. Na4 Qa5 12. Ng5 Bc8
13. e5 Nd5 14. f5 h6 15. f6 exf6 16. Ne4 f5 17. Nd6+ Ke7 18. d4 b5 19. Nc5 Qc7
20. Qe1 Kf8 21. g4 Ne7 22. a4 Rb8 23. Bd2 Ra8 24. Ba5 Qb8 25. Bd8 Be6 26. Bxe7+
Kxe7 27. gxf5 gxf5 28. Rxf5 Bd5+ 29. Kg1 Rg8 30. Kf1 Bf8 31. Qh4+ 1-0

[Event "Vaujany Principal"]
[Site "Vaujany"]
[Date "2012.07.13"]
[Round "2.28"]
[White "Deleva, Mathias"]
[Black "Petrone, Gianmario"]
[Result "1/2-1/2"]
[WhiteElo "2061"]
[BlackElo "1930"]
[Annotator "Jean-pierre,LEES"]
[PlyCount "48"]
[SourceDate "2012.07.12"]
[TimeControl "240+2"]

{1024MB, Fritz8.ctg
} 1. e4 c5 2. Nc3 d6 3. f4 Nf6 4. Nf3 Nc6 5. Bb5 Bd7 6. O-O
g6 7. a4 Bg7 8. d3 O-O 9. h3 Nd4 10. Bxd7 Nxd7 11. Kh1 Rc8 12. Ne2 Nxf3 13.
Rxf3 e6 14. c3 d5 15. Be3 dxe4 16. dxe4 Nf6 17. Qc2 Qc7 18. Rd1 Rfd8 19. Rff1
Qc6 20. Ng3 h5 21. Rxd8+ Rxd8 22. e5 Nd5 23. Bc1 Nb6 24. b3 c4 1/2-1/2

[Event "Vaujany Principal"]
[Site "Vaujany"]
[Date "2012.07.13"]
[Round "2.29"]
[White "Devoille, Hugo"]
[Black "Soyer, Jean-Yves"]
[Result "0-1"]
[WhiteElo "1927"]
[BlackElo "2056"]
[Annotator "Jean-pierre,LEES"]
[PlyCount "102"]
[SourceDate "2012.07.12"]
[TimeControl "240+2"]

{1024MB, Fritz8.ctg
} 1. e4 c5 2. Nf3 d6 3. Bb5+ Bd7 4. Bxd7+ Qxd7 5. O-O Nf6
6. Qe2 Nc6 7. c3 e6 8. Rd1 Be7 9. d4 cxd4 10. Nxd4 a6 11. Bg5 Qc7 12. Nd2 O-O
13. Kh1 Rac8 14. N2b3 Ne5 15. f3 Nc4 16. Nc1 Rfd8 17. Nd3 Nh5 18. Bxe7 Qxe7 19.
g3 g6 20. Rac1 b5 21. b3 Nb6 22. Qe3 Qb7 23. Nb2 Nf6 24. g4 Ne8 25. Kg2 Ng7 26.
Rc2 e5 27. Ne2 Ne6 28. Nd3 Rd7 29. Nb4 a5 30. Nd5 Nxd5 31. exd5 (31. Rxd5)
31... Ng7 32. Ng3 f5 33. gxf5 gxf5 34. Qd3 Rf7 35. Rg1 Kh8 36. Kh1 Rcc7 37.
Rcg2 Rc8 38. h3 b4 39. c4 Qe7 40. Kh2 Qh4 41. Ne2 f4 42. Rg4 Qf6 43. Qb1 Nf5
44. Qc1 Rg7 45. Rxg7 Nxg7 46. a3 Nf5 47. axb4 axb4 48. Qd2 Nh4 49. Rf1 (49. Qd3
Qf7) 49... Rg8 50. Qd1 Qg5 51. Rf2 Nxf3+ 0-1

[Event "Vaujany Principal"]
[Site "Vaujany"]
[Date "2012.07.13"]
[Round "2.30"]
[White "Bach, Anatole"]
[Black "Abdesselem, Ahmed"]
[Result "1-0"]
[WhiteElo "2052"]
[BlackElo "1875"]
[Annotator "Jean-pierre,LEES"]
[PlyCount "41"]
[SourceDate "2012.07.12"]
[TimeControl "240+2"]

{1024MB, Fritz8.ctg
} 1. e4 c5 2. Nf3 d6 3. d4 cxd4 4. Nxd4 Nf6 5. Nc3 a6 6.
Bc4 e6 7. Bb3 Be7 8. Be3 O-O 9. Qe2 Qc7 10. O-O-O b5 11. g4 b4 12. g5 bxc3 13.
gxf6 cxb2+ 14. Kb1 Bxf6 15. Rhg1 Kh8 16. Qf3 Nd7 17. Rg3 Bb7 18. Rh3 Rfc8 19.
Nxe6 fxe6 20. Rxh7+ Kxh7 21. Qh5+ {21... Rg8 22 Fxe6+ Rf8 23 Df7 mat} 1-0

[Event "Vaujany Principal"]
[Site "Vaujany"]
[Date "2012.07.13"]
[Round "2.31"]
[White "Drillat, Michel"]
[Black "Brest, Jean-Francois"]
[Result "1/2-1/2"]
[WhiteElo "1910"]
[BlackElo "2044"]
[Annotator "Jean-pierre,LEES"]
[PlyCount "111"]
[SourceDate "2012.07.12"]
[TimeControl "240+2"]

{1024MB, Fritz8.ctg
} 1. d4 d5 2. Nf3 Nf6 3. c4 c6 4. e3 e6 (4... Bf5) (4... g6
) 5. Nc3 Nbd7 6. Bd3 dxc4 7. Bxc4 b5 8. Bd3 a6 9. O-O c5 (9... Bb7 10. e4 c5
11. d5) 10. Qe2 Bb7 11. Rd1 Qb6 12. Bc2 Be7 13. e4 cxd4 14. Nxd4 Ne5 (14... Rc8
15. Be3 Qc7) 15. Bg5 O-O 16. a4 b4 17. a5 Qc7 18. Nb1 Rfd8 19. Nb3 Rxd1+ 20.
Bxd1 Neg4 21. g3 Bxe4 22. N1d2 Bd5 23. Rc1 Qe5 24. Qxe5 Nxe5 25. Be2 Nc6 26.
Nc4 Nd7 27. Bxe7 Nxe7 28. Ncd2 Kf8 29. Rc7 Ke8 30. Nc5 Nb8 31. Na4 Kd8 32. Rc1
Nd7 33. Bf3 Rc8 34. Rxc8+ Kxc8 35. Bxd5 exd5 $19 36. Nb3 Nc6 37. f4 Kc7 38. Kf2
Kd6 39. Ke3 Nd8 (39... Nf6) 40. Nd4 g6 41. g4 Nc6 42. Nb3 d4+ 43. Kd3 Nf6 44.
g5 Nd5 45. Ke4 d3 46. Kxd3 Nxf4+ 47. Kc4 Nh3 48. Nac5 Nxg5 49. Nxa6 Nf3 50.
Nxb4 f5 51. Nxc6 Kxc6 52. Nd4+ Nxd4 53. Kxd4 f4 54. b4 g5 55. Ke4 Kb5 56. h4
1/2-1/2

[Event "Vaujany Principal"]
[Site "Vaujany"]
[Date "2012.07.13"]
[Round "2.33"]
[White "De Lagontrie"]
[Black "Vledouts, Sacha"]
[Result "0-1"]
[WhiteElo "1868"]
[BlackElo "2035"]
[Annotator "Jean-pierre,LEES"]
[PlyCount "120"]
[SourceDate "2012.07.12"]
[TimeControl "240+2"]

{1024MB, Fritz8.ctg
} 1. d4 Nf6 2. c4 e6 3. Nc3 d5 4. cxd5 Nxd5 5. e4 Nxc3 6.
bxc3 c5 7. Rb1 Be7 8. Nf3 O-O 9. Bd3 b6 10. O-O Bb7 11. Qe2 Re8 12. Be3 Qc8 13.
e5 Ba6 14. Rfd1 Bxd3 15. Qxd3 cxd4 16. cxd4 Na6 17. Rbc1 Qb7 18. Ng5 Bxg5 19.
Bxg5 Nb4 20. Qg3 Qe4 21. Qb3 Nd5 22. Qd3 Qxd3 23. Rxd3 Rec8 24. Rxc8+ Rxc8 25.
h3 Kf8 26. Bd2 Rc4 27. a3 Ke8 28. Kf1 Nc7 29. Bc3 Nb5 30. Bb2 Rc2 31. Rb3 Nc7
32. g3 b5 33. Bc3 Nd5 34. Bb4 a6 35. Bc5 Nc3 36. Bb4 Nd5 37. Bc5 Rc3 38. Rb2
Kd7 39. Ke2 Kc6 40. Bf8 a5 41. Kd2 f5 42. exf6 gxf6 43. h4 h5 44. Ke2 f5 45.
Kd2 f4 46. gxf4 Rc4 47. Bg7 Nxf4 48. Ke3 Ng6 49. Bf6 Rc3+ 50. Ke4 Rxa3 51. f3
b4 52. Rg2 Nf8 53. Rg5 Nd7 54. Bg7 a4 55. Kf4 Rd3 56. Rxh5 b3 57. Ra5 e5+ 58.
dxe5 b2 59. e6 b1=Q 60. Rg5 Nc5 0-1

[Event "Vaujany Principal"]
[Site "Villaz"]
[Date "2012.07.13"]
[Round "2.34"]
[White "Hoyer, Hans Gerd"]
[Black "Coppola, Federico"]
[Result "1/2-1/2"]
[WhiteElo "2032"]
[BlackElo "1844"]
[Annotator "Jean-pierre,LEES"]
[PlyCount "122"]
[SourceDate "2012.07.12"]
[TimeControl "240+2"]

{1024MB, Fritz8.ctg
} 1. d3 d5 2. Nf3 Nf6 3. g3 c5 4. Bg2 Nc6 5. Nbd2 e5 6. e4
d4 7. a4 Bd6 8. Nc4 O-O 9. O-O Bc7 10. Bg5 h6 11. Bd2 Be6 12. b3 a6 13. Qe2 b5
14. Nb2 Qd6 15. Nh4 Ba5 16. Bc1 Bc3 17. Nf5 Qd7 18. f4 Bxf5 19. exf5 exf4 20.
axb5 axb5 21. Rxa8 Rxa8 22. Qf3 Ra6 23. Nd1 fxg3 24. Qxg3 Kh7 25. Nf2 Ne7 26.
Ne4 Nxe4 27. Bxe4 f6 28. Kh1 Qe8 29. Rg1 Qf7 30. Bf4 Ra2 31. Qg2 Ra7 32. Bd6
Bb4 33. Bb8 Rd7 34. Ra1 Nd5 35. Qg6+ Kg8 36. Qg2 Rd8 37. Ra7 Ne3 38. Qg3 Rd7
39. Bc7 Re7 40. Ra8+ Re8 41. Rxe8+ Qxe8 42. Bf4 Kh7 43. Bxe3 dxe3 44. Qxe3 Qe5
45. Kg2 Ba5 46. Qh3 Qf4 47. Qg3 Qxg3+ 48. hxg3 Bc3 49. g4 Kg8 50. Bc6 b4 51.
Kf3 Kf8 52. Ke4 Ke7 53. Kd5 Bd4 54. Bb5 Bf2 55. Ba6 Bd4 56. Bb7 Bf2 57. Kc4 Bd4
58. Bf3 Kd6 59. Bd1 Be5 60. Kb5 Kd5 61. Bf3+ Kd6 1/2-1/2

[Event "Vaujany Principal"]
[Site "Vaujany"]
[Date "2012.07.14"]
[Round "3.1"]
[White "Olivier, Jean-Christophe"]
[Black "Istratescu, Andrei"]
[Result "0-1"]
[WhiteElo "2394"]
[BlackElo "2641"]
[Annotator "Olivier JC"]
[PlyCount "78"]
[EventDate "2012.07.07"]
[SourceDate "2012.07.12"]

1. e4 c5 2. Nf3 d6 3. d4 cxd4 4. Nxd4 Nf6 5. Nc3 a6 6. Be3 Ng4 7. Bg5 h6 8. Bh4
g5 9. Bg3 Bg7 10. Be2 Ne5 11. f4 gxf4 {
Istratescu a propose 12..Cg6 apres la partie} 12. Bxf4 Ng6 (12... Nbc6 13. Be3
(13. Nb3) 13... Nxd4 14. Bxd4 Be6 {me parait etre la suite normale}) 13. Be3
Nc6 14. O-O e6 15. Bh5 Nce5 {Diagramme #} 16. Nf5 $2 ({
Un coup fautif, meilleur est} 16. Nce2 Nc4 17. Bc1 Qh4 18. Ng3 {
avec l'idee Fe2 et Ch5}) 16... exf5 17. exf5 O-O $2 (17... Nh4 $1 18. f6 Bxf6
19. Nd5 Bg7 20. Bb6 (20. g3 Be6 21. gxh4 Rc8 $17) 20... Qg5 {
j'ai oublie ce coup en calculant 16Cf5} 21. Nc7+ Ke7 22. Rf2 Be6 23. Nxa8 Rxa8
$19) 18. fxg6 fxg6 19. Qd5+ $6 ({d5 est la place du cavalier et non de la dame
} 19. Rxf8+ Qxf8 20. Be2 Be6 21. Qd2 Kh7 22. Rf1 Qd8 23. Nd5 $14) 19... Kh7 20.
Be2 (20. Rxf8) 20... Bf5 21. Ne4 $6 (21. Rad1 Bxc2 22. Rxf8 Qxf8 23. Rd2 Bf5
24. Qxd6 $11) (21. Qd2) 21... Qe7 $1 22. Qxd6 (22. Nxd6 $2 Ng4) 22... Rfe8 $1
23. Qxe7 Rxe7 24. Ng3 $2 (24. Nc3 Bxc2) 24... Bxc2 25. Rac1 Bd3 26. Bc5 Rd7 27.
b4 a5 $1 28. a3 a4 29. Rfd1 Rad8 (29... b5 $1) 30. Bf1 $2 (30. Bb6 Bxe2 31.
Rxd7 Rxd7 32. Nxe2 {avec des chances de resister}) 30... Bxf1 31. Rxd7 Rxd7 32.
Kxf1 b5 33. Ne4 Nc4 34. Nc3 Nxa3 35. Ke2 h5 36. Rd1 Rxd1 37. Nxd1 Nc4 38. Kd3
a3 39. Nc3 Bxc3 0-1

[Event "Vaujany Principal"]
[Site "Vaujany"]
[Date "2012.07.14"]
[Round "3.2"]
[White "Epishin, Vladimir"]
[Black "Milchev, Nikolay"]
[Result "1-0"]
[WhiteElo "2567"]
[BlackElo "2421"]
[PlyCount "77"]
[EventDate "2012.07.07"]
[SourceDate "2012.07.12"]

1. d4 c5 2. d5 Nf6 3. g3 e5 4. c4 d6 5. Nc3 Be7 6. Bg2 h5 7. Nf3 Nbd7 8. h4 Nf8
9. e4 Ng6 10. Qd3 a6 11. a4 b6 12. Bd2 Ra7 13. Ng5 Nh7 14. Nxh7 Rxh7 15. a5 Rb7
16. axb6 Qxb6 17. O-O Rb8 18. Rfb1 Rh8 19. Nd1 Qb3 20. Bf1 Bd8 21. Ne3 Ne7 22.
Bc3 f6 23. Ra3 Qb7 24. b4 cxb4 25. Rxb4 Qa7 26. Rxb8 Qxb8 27. c5 dxc5 28. Qc2
Kf7 29. Bxa6 Bc7 30. Qa2 Kg6 31. Nc4 Rd8 32. Bxc8 Nxc8 33. Rb3 Qa7 34. Qxa7
Nxa7 35. Rb7 Bb8 36. Ba5 Re8 37. Kf1 f5 38. d6 Nc6 39. d7 1-0

[Event "Vaujany Principal"]
[Site "Vaujany"]
[Date "2012.07.14"]
[Round "3.3"]
[White "Foisor, Ovidiu"]
[Black "Gozzoli, Yannick"]
[Result "1/2-1/2"]
[WhiteElo "2381"]
[BlackElo "2547"]
[PlyCount "72"]
[EventDate "2012.07.07"]
[SourceDate "2012.07.12"]

1. c4 Nf6 2. Nf3 c6 3. Nc3 d5 4. e3 e6 5. d4 Nbd7 6. Qc2 Bd6 7. Be2 O-O 8. O-O
dxc4 9. Bxc4 a6 10. b3 b5 11. Bd3 Bb7 12. Bb2 c5 13. Ne4 Bxe4 14. Bxe4 Rc8 15.
dxc5 Rxc5 16. Qd3 Nxe4 17. Qxe4 Nf6 18. Bxf6 Qxf6 19. Rad1 Qe7 20. Rd2 f5 21.
Qb1 Rd8 22. Rfd1 Bc7 23. Rxd8+ Bxd8 24. Rc1 Rxc1+ 25. Qxc1 Qc7 26. Qxc7 Bxc7
27. Kf1 h6 28. Ne1 Kf7 29. h3 e5 30. f3 e4 31. fxe4 fxe4 32. Kf2 Ke6 33. Nc2
Bd6 34. g3 Kd5 35. Kg2 g6 36. Kf2 Bc5 1/2-1/2

[Event "Vaujany Principal"]
[Site "Vaujany"]
[Date "2012.??.??"]
[Round "3.4"]
[White "Horvath, Jozsef"]
[Black "Foisor, Cristina"]
[Result "1-0"]
[WhiteElo "2531"]
[BlackElo "2401"]
[Annotator "Horvath Jozsef"]
[PlyCount "127"]
[EventDate "2012.07.07"]
[SourceDate "2012.07.12"]

1. d4 g6 2. c4 Bg7 3. e4 c5 4. d5 e6 5. Nf3 exd5 6. cxd5 d6 7. h3 Nf6 8. Nc3
O-O 9. Bd3 b5 10. Bxb5 Nxe4 11. Nxe4 Qa5+ 12. Nfd2 Qxb5 13. Nxd6 Qd7 (13... Qa6
14. N2c4 Nd7 15. O-O Nb6 16. Nxb6 Qxb6 17. Nxc8 Raxc8) 14. N2c4 Qe7+ 15. Be3
Ba6 16. O-O Bxb2 17. Bh6 Bg7 18. Re1 Qd8 19. Bxg7 Kxg7 20. Rc1 (20. Qf3) 20...
Nd7 21. Ne4 Nf6 22. d6 (22. Ncd6 $1) 22... Nxe4 23. Rxe4 Qf6 24. Ne5 Bb7 $2 (
24... Rad8) 25. Ng4 Qh4 (25... Qg5 26. Re7 h5 (26... Bc6 27. Rxc5 Qxc5 28. Qa1+
$18) 27. Ne3 (27. Rxb7 hxg4 28. hxg4 Rh8)) 26. Re7 Bc8 27. Ne5 (27. Rxc5 Bxg4
28. Qxg4 Qxg4 29. hxg4) 27... Be6 28. Rxc5 Rab8 29. Nc6 (29. Rxa7) 29... Rb2
30. Qd4+ Qxd4 31. Nxd4 Bxa2 32. d7 (32. Rxa7 Rd2) 32... Rd2 33. Rc8 Rd1+ 34.
Kh2 Rxd4 35. Rxf8 Kxf8 36. Re8+ Kg7 37. d8=Q Rxd8 38. Rxd8 $16 Bc4 39. Rc8 Bd3
40. Kg3 h5 41. h4 a6 42. Kf4 {Diagramme #} Bb5 43. Ke5 Be2 44. Rc7 Bd1 45. Rc5
Be2 46. g3 Bf3 47. Rc2 Bg2 48. Kd6 Bh3 49. Ke7 Be6 $2 50. Rc6 Bb3 51. Rxa6 $18
Bc4 52. Rb6 Bd5 53. Rf6 Bc4 54. f4 Bb3 55. f5 gxf5 56. Rxf5 Kg6 57. Rg5+ Kh6
58. Kf6 Bd1 59. Rg8 Kh7 (59... Bc2 60. Rh8+ Bh7 61. Rxh7+ (61. Kxf7 $4 $11)
61... Kxh7 62. Kxf7 $18) 60. Rg7+ Kh6 61. Rxf7 Bg4 62. Rf8 Kh7 63. Kg5 Kg7 64.
Rf6 {La position finale gagne facilement - la menace 65.Rh6 et 66.Rxh5 - et
sans le pion g3 les Blancs gagnent aussi.} 1-0

[Event "Vaujany"]
[Site "?"]
[Date "2012.07.14"]
[Round "3.5"]
[White "Kantans, Toms"]
[Black "Serafimov, Tervel"]
[Result "1/2-1/2"]
[WhiteElo "2354"]
[BlackElo "2425"]
[PlyCount "60"]
[EventDate "2012.07.20"]
[SourceDate "2012.07.12"]

1. e4 c6 2. d4 g6 3. Nc3 d5 4. e5 Bg7 5. Nf3 Nh6 6. Bd3 f6 7. O-O O-O 8. exf6
exf6 9. h3 Nf7 10. b4 a6 11. a4 Nd7 12. b5 axb5 13. Ba3 b4 14. Bxb4 Re8 15. a5
Bf8 16. Qb1 Bd6 17. Ne2 Nf8 18. c4 dxc4 19. Bxc4 Be6 20. Bxe6 Nxe6 21. Nc3 Nf4
22. Qb3 Bxb4 23. Qxb4 Qd6 24. Qc4 Qe6 25. Qxe6 Rxe6 26. Rfb1 Re7 27. Rb6 Nd8
28. a6 bxa6 29. Raxa6 Rxa6 30. Rxa6 Kf7 1/2-1/2

[Event "Vaujany"]
[Site "?"]
[Date "2012.07.14"]
[Round "3.6"]
[White "Torma, Robert"]
[Black "Juhasz, Kristof"]
[Result "1/2-1/2"]
[WhiteElo "2424"]
[BlackElo "2365"]
[Annotator "Juhasz Kristof"]
[PlyCount "85"]
[SourceDate "2012.07.12"]

1. e4 c6 2. c4 d5 3. exd5 cxd5 4. cxd5 Nf6 5. Nc3 Nxd5 6. Nf3 Nxc3 7. bxc3 g6
8. d4 Bg7 9. Bd3 O-O 10. O-O Nc6 11. Be4 Qc7 12. Re1 Be6 13. Qa4 Bd7 14. Qa3
Rfe8 15. Rb1 Rac8 16. Bg5 e6 17. Rbc1 b6 18. Bh4 Bf8 19. Qb2 Na5 20. Bg3 Bd6 (
20... Nc4 $5 21. Qe2 (21. Bxc7 Nxb2 22. Bg3 Bc6 23. Bxc6 Rxc6 24. d5 Rcc8 $15)
21... Bd6 22. Bxd6 Qxd6 23. Bd3 Qd5 24. Be4 Qd6 25. Bd3 $11) 21. Bxd6 Qxd6 22.
Qb4 $5 (22. Ne5 f6 (22... Nc4 23. Nxc4 Rxc4 24. Bd3 Rcc8 25. c4 Red8 $11) 23.
Nxd7 Qxd7 24. Qe2 Nc4 $11) 22... Qxb4 (22... Qc7 $5 23. Bd3 (23. Ne5 f6 24.
Nxd7 Qxd7 $15) 23... Bc6 24. Ne5 Bb7 $11) 23. cxb4 Nc6 24. a3 (24. Ne5 Nxe5 25.
dxe5 Red8 $11) 24... f6 25. Bd3 $5 (25. d5 exd5 26. Bxd5+ Kf8 27. Rxe8+ Kxe8
$11) 25... Ne7 $1 26. Ba6 Rxc1 27. Rxc1 Bc6 28. Kf1 $6 (28. Nd2 $142 Rd8 29.
Nb3 Bd5 30. Bc4 (30. Nd2 Nc6 $17) 30... Rc8 (30... Kf7 31. Bxd5 Nxd5 $15) 31.
Bxd5 Rxc1+ 32. Nxc1 Nxd5 $15) 28... Bxf3 29. gxf3 Nd5 $15 30. Rc6 (30. Ke2 Re7
$15) 30... Kf7 31. Bc4 Re7 (31... Nf4 $142 32. Ke1 Re7 33. Kd2 Rd7 34. Ke3 g5
$15) 32. Bxd5 exd5 33. Rd6 $2 $138 (33. Kg2 Re6 34. Rc7+ Re7 35. Rc6 Re6 $11)
33... Rc7 $1 34. Rxd5 {Diagramme #} Ke7 $1 $15 35. f4 $1 (35. Ke2 Rc8 36. Kd3
$4 a6 $1 37. Ke4 Ke6 $19) 35... Rc3 (35... Rc1+ $5 36. Kg2 Ra1) 36. a4 Rc4 37.
a5 (37. b5 $2 Rxa4 38. h4 Ra5 39. h5 a6 $19) 37... Rxb4 38. axb6 axb6 39. f5 g5
(39... gxf5 40. Rxf5 Rxd4 41. Rh5 Ke6 42. Rxh7) 40. Kg2 Rb3 41. f3 (41. h3 $142
) 41... h5 42. h4 gxh4 43. Kh3 1/2-1/2